000 00674nam a2200253Ia 4500
003 OSt
005 20221006145009.0
006 a|||||r|||| 00| 0
007 ta
008 221006b |||||||| |||| 00| 0 eng d
020 _c175.00
024 _a13,449
037 _cTextual
040 _aEASL
_cEASL
_beng
041 _2eng
_aeng
082 _aV44Q7:191.N87, M7
100 _aCHAUDHRI Mohammed Ahsen
_9274398
245 0 _aPakistan and world society
260 _aKarachi
_bRoyal Book Com.
_c1987
300 _a348p.
_ccm.
490 _v Oth
942 _hV44Q7:191.N87, M7
_cTEXL
_2CC
999 _c1081535
_d1081535